00360 2200145 4500001002100000005001500021035002000036245005100056100003100107300001100138260003100149082000800180084001400188990001200202INLIS00000000000210920250527101341 a0010-05250004011 aIde, Jeans, Nius /cEllen Warwick, Bernice LUM0 aEllen Warwick, Bernice LUM a80 HLM aJakarta :bErlangga,c2008 a000 a000 ELL i a0713122